Curaçao-Quiz🇨🇼 - Statistiken

Allgemein
  • Dieses Quiz wurde 16 mal gespielt
  • Das Durchschnittsergebnis liegt bei 9 aus 17
Antwortstatistiken
Frage Antwort % Korrekt
2. Amtssprache Englisch
100%
Kontinent, zu dem die Insel gehört Südamerika
100%
Land, vor dessen Küste Curaçao ist Venezuela🇻🇪
100%
Meer, in dem die Insel liegt Karibik
90%
Politische Zugehörigkeit (Land) Niederlande🇳🇱
90%
1. Amtssprache Niederländisch
90%
Art des Klimas (Adjektiv mit t) Tropisch
70%
2. Inselgruppe, zu der Curaçao gezählt wird ABC-Inseln
60%
1. Inselgruppe, zu der Curaçao gezählt wird Antillen
40%
1. Staatsoberhaupt König Willem-Alexander
30%
Hauptstadt Willemstad
30%
Telefonvorwahl (599-...) 9
20%
3. Amtssprache Papiamentu
20%
Währung Antillen-Gulden
10%
Kfz-Kennzeichen NA
10%
Wichtigster Wirtschaftssektor Ă–lraffinerie
10%
Nationalvogel (trägt "Orange" im Namen) Orangentrupial
0%
Keine ĂĽbereinstimmenden Quizze gefunden
Verteilung der Resultate
Anzahl Personen mit jedem Resultat
Perzentil nach korrekt beantworteten Fragen
Ihre Resultats-Entwicklung
Sie haben dieses Quiz noch nicht gespielt